Online
Catalog

Ley no. 136-03, código para el sistema de protección y los derechos fundamentales de niños, niñas y adolescentes : (Record no. 50969)

MARC details
000 -CABECERA
campo de control de longitud fija 01427nam a22002777a 4500
003 - IDENTIFICADOR DEL NÚMERO DE CONTROL
campo de control DO-SdBNP
005 - FECHA Y HORA DE LA ÚLTIMA TRANSACCIÓN
campo de control 20220126145143.0
007 - CAMPO FIJO DE DESCRIPCIÓN FÍSICA--INFORMACIÓN GENERAL
campo de control de longitud fija ta
008 - DATOS DE LONGITUD FIJA--INFORMACIÓN GENERAL
campo de control de longitud fija 211115b2021 dr ||||| |||| 00| 0 spa d
040 ## - FUENTE DE LA CATALOGACIÓN
Centro catalogador/agencia de origen DO-SdBNP
Lengua de catalogación spa
Centro/agencia transcriptor BNPHU
082 #4 - NÚMERO DE LA CLASIFICACIÓN DECIMAL DEWEY
Número de clasificación 346.72930135
Número de documento/Ítem R426c, 2021
110 2# - ENTRADA PRINCIPAL--NOMBRE DE ENTIDAD CORPORATIVA
Nombre de entidad corporativa o nombre de jurisdicción como elemento de entrada República Dominicana.
9 (RLIN) 447
240 10 - TÍTULO UNIFORME
Título uniforme [Leyes, etc.]
245 10 - MENCIÓN DE TÍTULO
Título Ley no. 136-03, código para el sistema de protección y los derechos fundamentales de niños, niñas y adolescentes :
Resto del título con las modificaciones de la Ley 52-07, del 23 de abril de 2007, sobre pensión alimenticia y jurisprudencia en esa materia, que modifica los artículos números :174, 176, 178, 181, 187, 192, 194, 195, 197 y 198; y la Ley No. 106-13, del 8 de agosto de 2013, que modifica los artículos 223, 224, 279, 291, 296, 339, 340 ; y 380 y suprime el artículo 350 de dicha ley.
Mención de responsabilidad, etc. prólogo ; Paula Disla Acosta.
246 13 - FORMA VARIANTE DE TÍTULO
Título propio/Titulo breve Ley 136-03
260 ## - PUBLICACIÓN, DISTRIBUCIÓN, ETC.
Lugar de publicación, distribución, etc. Santo Domingo :
Nombre del editor, distribuidor, etc. Poder Judicial,
Fecha de publicación, distribución, etc. 2021.
300 ## - DESCRIPCIÓN FÍSICA
Extensión 174 p. ;
Dimensiones 22 cm.
590 ## - NOTA LOCAL (RLIN)
Nota local Inventariado, 2021/LP
650 14 - PUNTO DE ACCESO ADICIONAL DE MATERIA--TÉRMINO DE MATERIA
Término de materia o nombre geográfico como elemento de entrada Niños
Subdivisión general Situación legal
Subdivisión geográfica República Dominicana
9 (RLIN) 64438
650 14 - PUNTO DE ACCESO ADICIONAL DE MATERIA--TÉRMINO DE MATERIA
Término de materia o nombre geográfico como elemento de entrada Menores
Subdivisión general Legislación
Subdivisión geográfica República Dominicana
9 (RLIN) 49527
650 14 - PUNTO DE ACCESO ADICIONAL DE MATERIA--TÉRMINO DE MATERIA
Término de materia o nombre geográfico como elemento de entrada Derechos del niño
Subdivisión geográfica República Dominicana
9 (RLIN) 49526
700 1# - PUNTO DE ACCESO ADICIONAL--NOMBRE DE PERSONA
Nombre de persona Disla Acosta, Paula,
Término indicativo de función/relación pról.
9 (RLIN) 80857
710 1# - PUNTO DE ACCESO ADICIONAL--NOMBRE DE ENTIDAD CORPORATIVA
Nombre de entidad corporativa o nombre de jurisdicción como elemento de entrada República Dominicana. Dirección de Familia, Niñez, Adolecencia y Género
9 (RLIN) 75794
910 ## - DATOS DE OPCIÓN DEL USUARIO (OCLC)
Datos de opción del usuario Lopérez
942 ## - ELEMENTOS DE PUNTO DE ACCESO ADICIONAL (KOHA)
Fuente del sistema de clasificación o colocación Dewey Decimal Classification
Tipo de ítem Koha Libro
Holdings
Estado de retiro Estado de pérdida Fuente del sistema de clasificación o colocación No para préstamo Código de colección Localización permanente Ubicación/localización actual Ubicación en estantería Fecha de adquisición Fuente de adquisición Total de préstamos Signatura topográfica completa Código de barras Fecha visto por última vez Precio válido a partir de Tipo de ítem Koha Número de copia
    Dewey Decimal Classification Préstamo en sala Monografías: Libros y Folletos Biblioteca Nacional Pedro Henríquez Ureña Dominicana Depósito 15.11.2021 Depósito Legal   BNPHU DS 346.72930135 R426c 2021 2021-28133 15.11.2021 15.11.2021 Libro y Folleto Colección Dominicana de Servicio e.3
    Dewey Decimal Classification Excluido de préstamo Monografías: Libros y Folletos Biblioteca Nacional Pedro Henríquez Ureña Patrimonio Dominicano Depósito 15.11.2021 Depósito Legal   BNPHU PD 346.72930135 R426c 2021 2021-28131 15.11.2021 15.11.2021 Libro y Folleto Colección Patrimonio Dominicano  
    Dewey Decimal Classification Excluido de préstamo Monografías: Libros y Folletos Biblioteca Nacional Pedro Henríquez Ureña Patrimonio Dominicano Depósito 15.11.2021 Depósito Legal   BNPHU PD 346.72930135 R426c 2021 2021-28132 15.11.2021 15.11.2021 Libro y Folleto Colección Patrimonio Dominicano e.2

Powered by Koha